The 4th World Congress on Family and Children's Rights (Record no. 498)
[ view plain ]
| 000 -LEADER | |
|---|---|
| fixed length control field | 00406nam a22001457a 4500 |
| 005 - DATE AND TIME OF INPUT | |
| control field | 20231109145952.0 |
| 008 - DATA ELEMENTS--GENERAL INFORMATION | |
| fixed length control field | 231109b |||||||| |||| 00| 0 eng d |
| 041 ## - LANGUAGE CODE | |
| Language code of text | English |
| 082 ## - SHELF NUMBER | |
| DDC number | 346.1 WOR |
| 245 ## - TITLE STATEMENT | |
| Title | The 4th World Congress on Family and Children's Rights |
| 260 ## - PUBLICATION, DISTRIBUTION, ETC. | |
| Date of publication, distribution, etc. | 2005 |
| 300 ## - PHYSICAL DESCRIPTION | |
| Other physical details | 20 pages ; |
| Dimensions | 31 cm. |
| 650 ## - SUBJECT` | |
| Broad subject | Legal practice |
| Own subject terms | Law |
| 942 ## - ADDED ENTRY ELEMENTS (KOHA) | |
| Item type | Books |
| 942 ## - ADDED ENTRY ELEMENTS (KOHA) | |
| -- | ALISON_BN_VRIES |
| Source of classification or shelving scheme | Not for loan | Collection code | Home library | Current library | Shelving location | Date acquired | Full call number | Barcode | Price effective from | Koha item type |
|---|---|---|---|---|---|---|---|---|---|---|
| Dewey Decimal Classification | TEXT BOOKS | LAW SOCIETY OF NAMIBIA LIBRARY - WINDHOEK | LAW SOCIETY OF NAMIBIA LIBRARY - WINDHOEK | Family law | 11/09/2023 | 346.1 WOR | LSN/2009/80 | 11/09/2023 | Books |
